| 000 | 00000nam 2200000zi 4500 |
| 001 | 9.938044 |
| 003 | CaOODSP |
| 005 | 20240719084046 |
| 006 | m o d f |
| 007 | cr cn||||||||| |
| 008 | 240509t20242024oncbd ob f000 0 eng d |
| 020 | |a9780660718569 |
| 040 | |aCaOODSP|beng|erda|cCaOODSP |
| 043 | |an-cn-nf |
| 086 | 1 |aFs70-5/2024-036E-PDF |
| 100 | 1 |aLe Corre, N., |eauthor. |
| 245 | 10|aAssessment of northern shrimp (Pandalus borealis) and striped shrimp (Pandalus montagui) in shrimp fishing area 4 in 2022 / |cN. Le Corre, K.R. Skanes, K.D. Baker, D. Sullivan, W. Coffey, F. Cyr, D. Belanger, K. Morrissey, and C. Malayny. |
| 264 | 1|aOttawa ON : |bCanadian Science Advisory Secretariat (CSAS), |c2024. |
| 264 | 4|c©2024 |
| 300 | |a1 online resource (v, 82 pages) : |bmaps, graphs. |
| 336 | |atext|btxt|2rdacontent |
| 337 | |acomputer|bc|2rdamedia |
| 338 | |aonline resource|bcr|2rdacarrier |
| 490 | 1 |aResearch document, |x1919-5044 ; |v2024/036 |
| 500 | |aCover title. |
| 500 | |a"June 2024." |
| 500 | |aIssued also in French under title: Évaluation de la crevette nordique (Pandalus borealis) et de la crevette ésope (Pandalus montagui) dans la zone de pêche à la crevette 4 en 2022. |
| 504 | |aIncludes bibliographical references (pages 17-20). |
| 520 | 3 |a"The status of Northern Shrimp (Pandalus borealis) in Shrimp Fishing Area (SFA) 4 has been assessed annually since 2015 and was last assessed in February 2022. The status of Striped Shrimp (Pandalus montagui) in SFA 4 is assessed on a biennial basis. It was last assessed in 2021 and a stock status update was conducted in 2022. In SFA 4, the statuses of both stocks have been assessed by examining multiple indicators derived from the fishery-dependent data and the Northern Shrimp Research Foundation (NSRF) - Fisheries and Oceans Canada (DFO) research survey data"--Abstract, page v. |
| 650 | 0|aPandalus borealis|zNewfoundland and Labrador. |
| 650 | 0|aPandalus montagui|zNewfoundland and Labrador. |
| 650 | 0|aPandalus borealis fisheries|zNewfoundland and Labrador. |
| 650 | 0|aPandalus montagui fisheries|zNewfoundland and Labrador. |
| 650 | 0|aShrimp populations|zNewfoundland and Labrador. |
| 710 | 1 |aCanada. |bDepartment of Fisheries and Oceans. |bNewfoundland and Labrador Region, |eissuing body. |
| 710 | 2 |aCanadian Science Advisory Secretariat, |eissuing body. |
| 775 | 08|tÉvaluation de la crevette nordique (Pandalus borealis) et de la crevette ésope (Pandalus montagui) dans la zone de pêche à la crevette 4 en 2022 / |w(CaOODSP)9.938046 |
| 830 | #0|aResearch document (Canadian Science Advisory Secretariat)|x1919-5044 ; |v2024/036.|w(CaOODSP)9.507396 |
| 856 | 40|qPDF|s10.45 MB|uhttps://publications.gc.ca/collections/collection_2024/mpo-dfo/fs70-5/Fs70-5-2024-036-eng.pdf |